000 00592nam a22002057a 4500
003 koha_MIRAKIL
005 20231213095852.0
008 231213b |||||||| |||| 00| 0 ||| d
020 _b978-9-75999306-1
040 _aTR-IsEVY
_btur
_cTR-IsEVY
082 _aFIC ADA/A
100 _aAdalı, Bilgin, 1944-.
245 0 _aAtlantis'in çocukları
250 _a1. bs.
260 _bBeyaz Balina Yayınları,
_c2008
300 _a111 s.
650 _aChildren's literature -- Stories, Turkish -- Adventure.
650 _aÇocuk edebiyatı -- Hikaye, Türk -- Macera.
942 _2ddc
_cBK
999 _c10789
_d10789